Normal view
MARC view
- Sanjuán Escalona, Emilio,
Entry Nombre Personal
001 - NUMERO DE CONTROL
- campo de control: 32291
003 - IDENTIFICADOR DE NUMERO DE CONTROL
- campo de control: UPN
005 - FECHA Y HORA DE LA ÜLTIMA TRANSACCIÓN
- campo de control: 20210219194431.0
008 - DATOS DE LONGITUD FIJA
- campo de control de longitud fija: nabaccnnaabn|||||||||| b |nc|||||d
035 ## - NUMERO DE CONTROL
- Número de control: UPN11000004397
040 ## - FUENTE DE CATALOGACIÓN
- Lenguaje de catalogación: SPA
- Agencia de transcripción: UPN
053 #4 - NÚMERO DE CLASIFICACIÓN LC
- Número de clasificación elemento-número único o número inicial de tramo: PQ6669 A5.4
100 1# - ENCABEZAMIENTO - NOMBRE PERSONAL
- Nombre personal: Sanjuán Escalona, Emilio,
- Fechas asociadas con el nombre: 1948-
670 ## - FUENTE EN LA QUE SE LOCALIZARON DATOS
- Cita de la fuente: T
- Uniform Resource Identifier: http://www.artesaniasconmaderas.com/artesano-madera.php
680 ## - NOTA PUBLICA DE ACCESO PÚBLICO
- Frase explicativa de la referencia: Artesano y escritor español
902 ## - CATALOGADOR
- Catalogador: BDV/020812
